000 02403nam a2200253 a 4500
001 ASIN0231142943
005 20170105102855.0
008 130829s2012 xxu eng d
020 _a0231142943 (hardcover)
_c$99.50
020 _a9780231142946 (hardcover)
040 _a0
082 0 4 _a808.066361
245 1 4 _aThe columbia guide to social work writing /
_cWarren Green, Barbara Levy Simon.
260 _a[S.l.] :
_bColumbia University Press,
_c2012.
300 _a336 p. ;
_c24 cm.
520 _aSocial work practitioners write for a variety of publications, and they are expected to show fluency in a number of related fields. Whether the target is a course instructor, scholarly journal, fellowship organization, or general news outlet, social workers must be clear, persuasive, and comprehensive in their writing, especially on provocative subjects. This first-of-its-kind guide features top scholars and educators providing a much-needed introduction to social work writing and scholarship. Foregrounding the process of social work writing, the coeditors particularly emphasize how to think about and approach one's subject in a productive manner. The guide begins with an overview of social work writing from the 1880s to the present, and then follows with ideal strategies for academic paper writing, social work journal writing, and social work research writing. A section on applied professional writing addresses student composition in field education, writing for and about clinical practice, the effective communication of policy information to diverse audiences, program and proposal development, advocacy, and administrative writing. The concluding section focuses on specific fields of practice, including writing on child and family welfare, contemporary social issues, aging, and intervention in global contexts. Grounding their essays in systematic observations, induction and deduction, and a wealth of real-world examples, the contributors describe the conceptualization, development, and presentation of social work writing in ways that better secure its power and relevance.
650 0 _aCommunication in social work
650 0 _aSocial case work reporting
650 0 _aSocial service
700 1 _aGreen, Warren.
700 1 _aSimon, Barbara Levy.
856 4 0 _3Amazon.com
_uhttp://www.amazon.com/exec/obidos/ASIN/0231142943/chopaconline-20
942 _2ddc
_cBK
999 _c14451
_d14451